00676 2200253 4500001002100000005001700021008004100038035002400079082001000103090002000113100001600133245010500149250001000254260002200264300002400286650001600310650001700326850001500343980001300358985000600371999001500377999001500392999001500407YOGYA-0209000003468320090227024920.0 ind  0010-020900000034683 a641.5 a641.5bAdi HlT aADI NUGROHO aHidangan laut orientalbresep-resep penggoyang lidah bergaya nasional dan internasionalcAdi Nugroho aCet.1 aSolobAnekac1996 a80 hlmbilusc21 cm aResep makan aMasakan laut aYOPDYOG(B) a16-10-06 a3 a96P0081612 a97P0092518 a97P0092519